000 01108nam a2200229Ia 4500
001 11289
003 GE_BSU
008 181216s||||||||xx |||||||||||||| ||und||
040 _cGE_BSU
080 _a575(075.8)
100 _aგულიაევი გ.
245 _aგენეტიკა
245 _bსახელმძღვ. სას-სამ. უმაღლესი სასწავლებლ. აგრონომიული სპეციალობის სტუდენტებისათვის
245 _cრედ: ლ. შარაშენიძე მთარგმნ. პ. ნასყიდაშვილი, ნ. ჯიბუტი
260 _aთბილისი
260 _bგანათლება.
260 _c1989
300 _a457გვ.22სმ.
300 _eილ.ცხრ.
653 _aსახელმძღვ. სას-სამ. უმაღლესი სასწავლებლ. აგრონომიული სპეციალობის სტუდენტებისათვის
942 _cBK
999 _c44491
_d44491